Statistics for NFL Players with 1,000+ Career Recptions

Click here to take the quiz!

General Stats

  • This quiz has been taken 53 times
  • The average score is 10 of 14

Answer Stats

ReceptionsTeamsAnswer% Correct
1,54949ers, Raiders, Seahawks+Jerry Rice
98%
1,432CardinalsLarry Fitzgerald
92%
1,102Colts+Marvin Harrison
88%
1,07849ers, Eagles, Cowboys, Bills, Bengals+Terrell Owens
88%
1,062Texans, Colts, TitansAndre Johnson
86%
1,325Chiefs, Falcons+Tony Gonzalez
84%
1,031Panthers, RavensSteve Smith Sr.
78%
1,094Raiders, Buccaneers+Tim Brown
67%
1,024Rams, 49ers+Issac Bruce
59%
1,070ColtsReggie Wayne
59%
1,101Eagles, Vikings, Dolphins+Cris Carter
55%
1,000SteelersHines Ward
55%
1,228Cowboys, RaidersJason Witten
45%
1,076Cardinals, Ravens, 49ers, LionsAnquan Boldin
37%

Score Distribution

Percentile by Number Answered

Percent of People with Each Score

Your Score History

You have not taken this quiz